पर्यावरण शिक्षा (Record no. 17155)
[ view plain ]
| 000 -LEADER | |
|---|---|
| fixed length control field | 00344nam a22001337a 4500 |
| 003 - CONTROL NUMBER IDENTIFIER | |
| control field | SGT |
| 020 ## - INTERNATIONAL STANDARD BOOK NUMBER | |
| International Standard Book Number | 93-86405-18-0 |
| 082 ## - DEWEY DECIMAL CLASSIFICATION NUMBER | |
| Classification number | 370 |
| Item number | TOM |
| 100 ## - MAIN ENTRY--PERSONAL NAME | |
| Personal name | तोमर, डॉ. गजेंद्र सिंह |
| 245 ## - TITLE STATEMENT | |
| Title | पर्यावरण शिक्षा |
| 260 ## - PUBLICATION, DISTRIBUTION, ETC. (IMPRINT) | |
| Place of publication, distribution, etc | U.P. |
| Name of publisher, distributor, etc | R. LALL |
| Year of Publication | 2018 |
| 300 ## - PAGE DESCRIPTION | |
| No. of Pages | 364 |
| 942 ## - ADDED ENTRY ELEMENTS (KOHA) | |
| Source of classification or shelving scheme | Dewey Decimal Classification |
| Koha item type | Books |
| 942 ## - ADDED ENTRY ELEMENTS (KOHA) | |
| -- | 2 |
| Withdrawn status | Lost status | Source of classification or shelving scheme | Damaged status | Not for loan | Collection code | Home library | Current library | Shelving location | Date acquired | Vendor Name | Cost, normal purchase price | SGTU | Bill Number | Total Checkouts | Full call number | Accession No. (Barcode) | Date last seen | Date last borrowed | Bill Date | Koha item type |
|---|---|---|---|---|---|---|---|---|---|---|---|---|---|---|---|---|---|---|---|---|
| Dewey Decimal Classification | EDUCATION | SGT Engineering Library | SGT Engineering Library | Text Book | 20/03/2019 | INDIAN PUB. | 225.00 | SGTU | 118 | 1 | 370 TOM | ED3416 | 09/01/2020 | 06/01/2020 | 28/02/2019 | Books | ||||
| Dewey Decimal Classification | EDUCATION | SGT Engineering Library | SGT Engineering Library | Text Book | 20/03/2019 | INDIAN PUB. | 225.00 | SGTU | 118 | 1 | 370 TOM | ED3417 | 29/10/2020 | 12/03/2020 | 28/02/2019 | Books | ||||
| Dewey Decimal Classification | EDUCATION | SGT Engineering Library | SGT Engineering Library | Text Book | 20/03/2019 | INDIAN PUB. | 225.00 | SGTU | 118 | 4 | 370 TOM | ED3418 | 08/10/2020 | 03/03/2020 | 28/02/2019 | Books | ||||
| Dewey Decimal Classification | EDUCATION | SGT Engineering Library | SGT Engineering Library | Text Book | 20/03/2019 | INDIAN PUB. | 225.00 | SGTU | 118 | 4 | 370 TOM | ED3419 | 21/11/2023 | 23/09/2023 | 28/02/2019 | Books | ||||
| Dewey Decimal Classification | EDUCATION | SGT Engineering Library | SGT Engineering Library | Text Book | 20/03/2019 | INDIAN PUB. | 225.00 | SGTU | 118 | 2 | 370 TOM | ED3420 | 28/02/2023 | 09/01/2023 | 28/02/2019 | Books |